000 01540nam a22003491 4500
001 105447
003 ES-MaACL
005 20250709211243.0
007 t|
008 060712s1971 fr ||||0| spa d
080 _a32(460)"19"
080 _a32(081)Trotskii, Lev
100 1 _aTrotsky, Leon,
_d1879-1940
_9240350
_eaut
245 1 0 _aEscritos sobre España /
_c[edición a cargo de Juan Andrade y José Martínez ; traducción de Andrés Nin].
260 _aParís :
_bRuedo Ibérico,
_c[1971]
300 _aVIII, 301 páginas ;
_c22 cm.
490 1 _aBiblioteca de cultura socialista. Obras de León Trotski ;
_v3
505 8 _aContiene: La revolución española y la táctica de los comunistas ; La revolución española y sus peligros ; Lección de España: última advertencia ; Mis peripecias en España
651 4 _aEspaña-
_xHistoria-
_y1902-1931, Alfonso XIII
_98276
651 0 _aEspaña-
_xHistoria-
_y1931-1939, II República.
_98283
700 1 _aAndrade, Juan,
_d1897-1981
_921511
_epbl
700 1 _aMartínez, José,
_d1921-1986
_977761
_epbl
700 1 _aNin, Andreu.
_985748
_etrl
710 2 _aÉditions Ruedo ibérico.
_9145333
_eedt
830 0 _aBiblioteca de cultura socialista. Obras de León Trotski
_v3
_9185032
852 4 _aES-MaACL
_cDEPO2
_hBiblioteca Juan Andrade
_jAND-244
_9109409
852 4 _aES-MaACL
_cDEPO2
_jL-2780
_9109408
903 _aAndrade, Juan,
_d1897-1981
_ednr
_921511
_q1
942 _2udc
_cMONOGRAFIA
_n0
999 _c105447
_d105447